000 00712nas a2200241 4500
001 BR9503620
003 BR-BrBNA
005 20231205094049.0
007 ta
008 230509b bl.|||p| |||| 00| 00por d
040 _aBR-BrBNA
_bpor
_cBiblioteca Nacional de Agricultura
041 _a(Pt)
072 _aL20; L01; P40
100 1 _aNicolosi, M.
245 1 _aBioclimatolgia. Vacas trocam conforto por producao
650 _aGado Leiteiro
650 _aProducao Leiteira
650 _aBioclimatologia
650 _aCondicao Ambiental
773 0 _tBalde Branco (Brazil)
_xISSN 0005-4275
_g(Oct 1992), v. 29(336) p. 24-27
_wBR9503620
909 _a202311
_bLúcia
_c55
_dLúcia Elande
942 _2AGRIS
_n0
_cANA
999 _c141854
_d141854